Municipalities of Fukui - Click Map - Statistics

General Stats
  • This quiz has been taken 3 times
  • The average score is 9 of 17
Answers on the Map
Answers color-coded by a green-red scale on the quiz's map according to % correct below.
 
Answer Stats
Answer % Correct
Minamiechizen 南越前町 みなみえちぜんちょう
100%
Ono 大野市 おおのし
100%
Sabae 鯖江市 さばえし
100%
Awara あわら市 あわらし
50%
Echizen (city) 越前市 えちぜんし
50%
Echizen (town) 越前町 えちぜんちょう
50%
Eiheiji 永平寺町 えいへいじちょう
50%
Fukui 福井市 ふくいし
50%
Ikeda 池田町 いけだちょう
50%
Katsuyama 勝山市 かつやまし
50%
Obama 小浜市 おばまし
50%
Oi おおい町 おおいちょう
50%
Sakai 坂井市 さかいし
50%
Tsuruga 敦賀市 つるがし
50%
Mihama 美浜町 みはまちょう
0%
Takahama 高浜町 たかはまちょう
0%
Wakasa 若狭町 わかさちょう
0%
No matching quizzes found
Score Distribution
Percent of People with Each Score
Percentile by Number Answered
Your Score History
You have not taken this quiz